banner koha

Estudo de Administracao rural em Alegrete, Rio Grande do Sul [Brasil] (Registro n. 13390)

MARC details
000 -LÍDER
campo de controle de tamanho fixo 00919nam a22003137a 4500
001 - NÚMERO DE CONTROLE
campo de controle BR6500092
003 - IDENTIFICADOR DO NÚMERO DE CONTROLE
campo de controle BR-BrBNA
005 - DATA E HORÁRIO DA ÚLTIMA TRANSAÇÃO
campo de controle 20230928083424.0
007 - CAMPO FIXO DE DESCRIÇÃO FÍSICA--INFORMAÇÃO GERAL
campo de controle de tamanho fixo ta
008 - CAMPO DE DADOS FIXOS--INFORMAÇÃO GERAL
campo de controle de tamanho fixo 230509b bl.||||| |||| 00| 0 por d
040 ## - FONTE DA CATALOGAÇÃO
Instituição da catalogação original BR-BrBNA
Idioma da catalogação por
Instituição que transcreveu o registro Biblioteca Nacional de Agricultura
041 ## - CÓDIGO DE IDIOMA
Código do idioma do texto/trilha sonora ou título diferente (Por)
072 ## - CÓDIGO DE CATEGORIA DE ASSUNTO
Código de Categoria de Assunto E15; D10
Código do objeto /G514
090 ## - NÚMERO DE CHAMADA LOCAL
-- E15 BR6500092
100 1# - ENTRADA PRINCIPAL--NOME PESSOAL
Nome pessoal Gastal, E.
100 1# - ENTRADA PRINCIPAL--NOME PESSOAL
Nome pessoal Araujo, M.O.C. de
100 1# - ENTRADA PRINCIPAL--NOME PESSOAL
Nome pessoal Grivicich, J.A.
100 1# - ENTRADA PRINCIPAL--NOME PESSOAL
Nome pessoal Bustillos, R.V.
110 1# - ENTRADA PRINCIPAL--NOME CORPORATIVO
Nome corporativo ou nome da jurisdição Instituto de Pesquisa Agropecuaria do Sul, Pelotas, RS (Brasil)
9 (RLIN) 6097
245 1# - TÍTULO
Título Estudo de Administracao rural em Alegrete, Rio Grande do Sul [Brasil]
260 3# - PUBLICAÇÃO, DISTRIBUIÇÃO, ETC.
Local de publicação, distribuição, etc. Pelotas, RS (Brasil):
Data da publicação, distribuição, etc. 1965.
300 ## - DESCRIÇÃO FÍSICA
Extensão 105 p.
500 ## - NOTA GERAL
Nota geral 9 illus.; 37 graphs; 32 tables
650 ## - ASSUNTO--TERMO TÓPICO
Cabeçalho tópico ou nome geográfico Microeconomia
650 ## - ASSUNTO--TERMO TÓPICO
Cabeçalho tópico ou nome geográfico Administracao rural
650 ## - ASSUNTO--TERMO TÓPICO
Cabeçalho tópico ou nome geográfico Rio Grande do Sul
909 ## -
-- 202309
-- Lucia
-- 55
-- Lucia Elande
942 ## - ELEMENTOS DE ENTRADA ADICIONADOS (KOHA)
Tipo de material Koha Livros
Exemplares
Situação do descarte Fonte da classificação ou esquema de arquivamento na estante Situação física Não pode ser emprestado Coleção Biblioteca de origem Biblioteca atual Total de empréstimos Número de telefone completo Código de barras Data de último acesso Número do exemplar Tipo de material Koha Situação das perdas Data de aquisição Fonte de aquisição
  Classificação AGRIS       Biblioteca Nacional de Agricultura - Binagri Biblioteca Nacional de Agricultura - Binagri   E15 BR6500092 E15 BR6500092 25/09/2023 01 Livros   2023-09-25 Portaria Interministerial nº 164/94

BINAGRI

Telefone: (61)3218-2567/2388/3357/2097 - binagri@agro.gov.br

Ministério da Agricultura e Pecuária , Esplanada dos Ministérios, Bloco D, Anexo B, Brasília/DF, CEP: 70.043-900